Fall to pieces : (Record no. 1424)

MARC details
000 -LEADER
fixed length control field 01408cam a2200349 a 4500
005 - DATE AND TIME OF LATEST TRANSACTION
control field 20260322212059.0
008 - FIXED-LENGTH DATA ELEMENTS--GENERAL INFORMATION
fixed length control field data
010 ## - LIBRARY OF CONGRESS CONTROL NUMBER
LC control number 2010277910
020 ## - INTERNATIONAL STANDARD BOOK NUMBER
International Standard Book Number 9780061719158
020 ## - INTERNATIONAL STANDARD BOOK NUMBER
International Standard Book Number 0061719153
040 ## - CATALOGING SOURCE
Original cataloging agency BTCTA
Transcribing agency BTCTA
Modifying agency DLC
-- HEV
-- WI9WB
-- ORX
-- CDX
-- VP@
-- IXA
-- DLC
042 ## - AUTHENTICATION CODE
Authentication code lccopycat
050 00 - LIBRARY OF CONGRESS CALL NUMBER
Classification number HD6073.M77
Item number W43 2009
082 04 - DEWEY DECIMAL CLASSIFICATION NUMBER
Classification number 746.92092
Edition information 22
092 ## - LOCALLY ASSIGNED DEWEY CALL NUMBER (OCLC)
Classification number 746.92 W43 2009
001 - CONTROL NUMBER
control field data
100 1# - MAIN ENTRY--PERSONAL NAME
Personal name Weiland, Mary Forsberg,
Dates associated with a name 1975-
245 10 - TITLE STATEMENT
Title Fall to pieces :
Remainder of title a memoir of drugs, rock 'n' roll, and mental illness /
Statement of responsibility, etc. Mary Forsberg Weiland & Larkin Warren.
250 ## - EDITION STATEMENT
Edition statement 1st ed.
260 ## - PUBLICATION, DISTRIBUTION, ETC.
Place of publication, distribution, etc. New York :
Name of publisher, distributor, etc. William Morrow,
Date of publication, distribution, etc. c2009.
300 ## - PHYSICAL DESCRIPTION
Extent x, 242 p., [8] p. of plates :
Other physical details coll. ill. ports.;
Dimensions 24 cm.
600 10 - SUBJECT ADDED ENTRY--PERSONAL NAME
Personal name Weiland, Mary Forsberg,
Dates associated with a name 1975-
650 #0 - SUBJECT ADDED ENTRY--TOPICAL TERM
Topical term or geographic name entry element Models (Persons)
Geographic subdivision United States
Form subdivision Biography.
650 #0 - SUBJECT ADDED ENTRY--TOPICAL TERM
Topical term or geographic name entry element Drug addicts
Geographic subdivision United States
Form subdivision Biography.
650 #0 - SUBJECT ADDED ENTRY--TOPICAL TERM
Topical term or geographic name entry element Manic-depressive persons
Geographic subdivision United States
Form subdivision Biography.
700 1# - ADDED ENTRY--PERSONAL NAME
Personal name Warren, Larkin.
856 42 - ELECTRONIC LOCATION AND ACCESS
Materials specified Contributor biographical information
Uniform Resource Identifier <a href="http://www.loc.gov/catdir/enhancements/fy1007/2010277910-b.html">http://www.loc.gov/catdir/enhancements/fy1007/2010277910-b.html</a>
856 42 - ELECTRONIC LOCATION AND ACCESS
Materials specified Publisher description
Uniform Resource Identifier <a href="http://www.loc.gov/catdir/enhancements/fy1007/2010277910-d.html">http://www.loc.gov/catdir/enhancements/fy1007/2010277910-d.html</a>
906 ## - LOCAL DATA ELEMENT F, LDF (RLIN)
a 7
b cbc
c copycat
d 2
e ncip
f 20
g y-gencatlg
925 0# -
-- acquire
-- 2 shelf copies
-- policy default
Holdings
Withdrawn status Lost status Damaged status Not for loan Home library Current library Shelving location Date acquired Total checkouts Full call number Barcode Date last seen Price effective from Koha item type
        Franklin Franklin General stacks 22/03/2026   746.92092 22 BC0011471 22/03/2026 22/03/2026 Books